[Event "MCRE_PF10"]
[Site "?"]
[Date "2002.??.??"]
[Round "?"]
[White "Rotter, Walter"]
[Black "Strnad, Martin"]
[Result "1-0"]
[WhiteElo "2155"]
[BlackElo "2210"]
[PlyCount "101"]
[EventDate "2002.??.??"]
[EventType "corr"]
[EventRounds "2"]

1. d4 d5 2. c4 e6 3. Nf3 Nf6 4. Nc3 Be7 5. Qc2 O-O 6. Bg5 Nc6 7. e3 h6 8. Bh4
a6 9. a3 Nd7 10. Bg3 Nf6 11. Be2 Nh5 12. Rd1 Nxg3 13. hxg3 b6 14. cxd5 exd5 15.
Rh5 Be6 16. e4 Bg4 17. Rxd5 Qc8 18. Ne5 Nxe5 19. Rxe5 Bd6 20. Nd5 Be6 21. Rh5
f5 22. Nf4 Bxf4 23. gxf4 fxe4 24. Re5 Bf5 25. Re7 c6 26. Qb3+ Kh8 27. Qxb6 Rf6
28. Rc1 Qf8 29. Rb7 Rg6 30. g3 Rc8 31. Qc5 Rd6 32. Bxa6 Rcd8 33. Rc7 Qf6 34.
Rxc6 Rxc6 35. Qxc6 Qxd4 36. Qc3 Qd6 37. Bc4 Qd7 38. Be2 Bg4 39. Qe3 Bf3 40. b4
Qh3 41. Bxf3 exf3 42. Qxf3 Re8+ 43. Kd2 Qe6 44. Qd3 Qa2+ 45. Rc2 Qb1 46. Qd7
Qe1+ 47. Kd3 Re7 48. Qc8+ Re8 49. Qc6 Re6 50. Qd5 Re8 51. Kc4 1-0

[Event "MCRE_PF10"]
[Site "?"]
[Date "2002.??.??"]
[Round "?"]
[White "Milos, Vladislav"]
[Black "Strnad, Martin"]
[Result "0-1"]
[WhiteElo "2180"]
[BlackElo "2210"]
[PlyCount "104"]
[EventDate "2002.??.??"]
[EventType "corr"]
[EventRounds "2"]

1. e4 e5 2. Nf3 Nc6 3. Bb5 Bc5 4. c3 Nf6 5. d4 Bb6 6. Qe2 exd4 7. e5 O-O 8.
cxd4 Re8 9. Be3 Ng4 10. O-O d6 11. d5 Nxe3 12. fxe3 a6 13. Ba4 Rxe5 14. Nxe5
Nxe5 15. Nc3 Qg5 16. Kh1 Bg4 17. Qc2 Bxe3 18. Ne4 Qh6 19. Nf2 Rf8 20. Nxg4 Nxg4
21. h3 Qh4 22. Rf3 Bd4 23. Rc1 Nf2+ 24. Kh2 Ne4 25. Rcf1 Be5+ 26. Kg1 Nc5 27.
Bb3 Qd4+ 28. Kh1 Qxb2 29. Qxb2 Bxb2 30. g4 h6 31. Kg2 Bf6 32. Re3 c6 33. Rd1
Be5 34. Bc2 g6 35. Rf3 cxd5 36. Rxd5 Ne6 37. Rd2 Nf4+ 38. Kf2 b5 39. Be4 b4 40.
h4 Kg7 41. Ke3 g5 42. Rf1 Rc8 43. hxg5 Rc3+ 44. Kf2 hxg5 45. Rfd1 Ra3 46. Kf1
Re3 47. Bb7 a5 48. Bc6 Rg3 49. Bd7 Kf6 50. Rc2 d5 51. Bf5 Rh3 52. Kg1 a4 0-1

[Event "MCRE_PF10"]
[Site "?"]
[Date "2002.??.??"]
[Round "?"]
[White "Ksir, Bohumil"]
[Black "Strnad, Martin"]
[Result "0-1"]
[WhiteElo "2165"]
[BlackElo "2210"]
[PlyCount "100"]
[EventDate "2002.??.??"]
[EventType "corr"]
[EventRounds "2"]

1. e4 e5 2. Nf3 Nf6 3. d4 Nxe4 4. Bd3 d5 5. Nxe5 Bd6 6. O-O O-O 7. Nc3 f5 8.
Bxe4 dxe4 9. Bf4 Bxe5 10. dxe5 Be6 11. f3 exf3 12. Qxf3 Qd4+ 13. Kh1 Nc6 14.
Rad1 Qc5 15. Qg3 Rad8 16. h3 Ne7 17. Rxd8 Rxd8 18. Be3 Qb4 19. Rb1 Ng6 20. Qg5
Rf8 21. a3 Qc4 22. Bf2 f4 23. Kh2 f3 24. g3 Bd7 25. Rd1 b6 26. Qd2 Nxe5 27.
Qd5+ Qxd5 28. Nxd5 c6 29. Ne3 h5 30. g4 hxg4 31. hxg4 Nxg4+ 32. Nxg4 Bxg4 33.
Kg3 Be6 34. Re1 Bd5 35. Re7 Rf7 36. Re8+ Kh7 37. b3 c5 38. c4 Bb7 39. Re6 Rc7
40. Be3 Kg8 41. Bg5 Kf7 42. Rd6 Be4 43. Bf4 Rb7 44. b4 cxb4 45. axb4 a5 46. b5
a4 47. Rd2 Ra7 48. Be3 a3 49. Ra2 Bb1 50. Ra1 a2 0-1

[Event "MCRE_PF10"]
[Site "?"]
[Date "2002.??.??"]
[Round "?"]
[White "Brousek, Jiri"]
[Black "Cedrych, Karel"]
[Result "1-0"]
[WhiteElo "2325"]
[BlackElo "2180"]
[PlyCount "47"]
[EventDate "2002.??.??"]
[EventType "corr"]
[EventRounds "2"]

1. d4 Nf6 2. Nf3 e6 3. Bg5 c5 4. e3 h6 5. Bh4 b6 6. Nbd2 cxd4 7. exd4 Bb7 8.
Bd3 Be7 9. Bxf6 Bxf6 10. Qe2 d5 11. Ne5 Nc6 12. c3 Qc7 13. f4 Bh4+ 14. g3 Be7
15. Ndf3 Nxe5 16. Nxe5 O-O 17. O-O Rfe8 18. Qh5 Bd6 19. Rae1 Bxe5 20. fxe5 Rf8
21. Rf6 Qe7 22. Ref1 a5 23. Rxh6 gxh6 24. Rf6 1-0

[Event "MCRE_PF10"]
[Site "?"]
[Date "2002.??.??"]
[Round "?"]
[White "Koci, Vladimir"]
[Black "Strnad, Martin"]
[Result "1/2-1/2"]
[WhiteElo "2170"]
[BlackElo "2210"]
[PlyCount "101"]
[EventDate "2002.??.??"]
[EventType "corr"]
[EventRounds "2"]

1. d4 d5 2. Nf3 Nf6 3. Bf4 c5 4. e3 Nc6 5. c3 Qb6 6. Qb3 c4 7. Qxb6 axb6 8. Na3
Na7 9. Be2 e5 10. Nxc4 exf4 11. Nxb6 Rb8 12. exf4 Be6 13. Bd3 g6 14. Ng5 Bd6
15. Nxe6 fxe6 16. g3 Kd8 17. O-O-O Kc7 18. Na4 Kc6 19. Rde1 Rhe8 20. b4 Nb5 21.
Kb2 Nc7 22. Nc5 b6 23. Nb3 Ra8 24. h3 Ra7 25. a3 Rea8 26. Ra1 Kd7 27. Nd2 Nfe8
28. Bc2 Ng7 29. Rhe1 Nf5 30. a4 Be7 31. Nb3 Nd6 32. Nd2 Nce8 33. Kb3 Bf6 34.
Bd3 Ng7 35. Ra2 Ngf5 36. Nb1 Rc8 37. Rd2 Bh8 38. Ree2 Rac7 39. Ba6 Ra8 40. Bd3
Bf6 41. Re1 Bg7 42. Ree2 Ke7 43. Bxf5 gxf5 44. Re1 Rca7 45. Rde2 Nc4 46. Rxe6+
Kf8 47. R6e2 Rxa4 48. Re8+ Rxe8 49. Rxe8+ Kxe8 50. Kxa4 Kd7 51. b5 1/2-1/2